Sochi 2014 Winter Olympics - Medal Winners - Statistics

General Stats
  • This quiz has been taken 278 times
  • The average score is 22 of 26
Answer Stats
Hint Answer % Correct
13 11 9 33 Russian Federation
100%
9 7 12 28 United States of America
99%
10 10 5 25 Canada
98%
11 5 10 26 Norway
97%
1 3 1 5 Finland
94%
2 7 6 15 Sweden
94%
8 6 5 19 Germany
93%
1 1 2 4 Great Britain
93%
3 4 2 9 China
92%
4 4 7 15 France
92%
1 4 3 8 Japan
91%
4 8 5 17 Austria
90%
3 3 2 8 South Korea
90%
0 2 6 8 Italy
88%
6 3 2 11 Switzerland
88%
8 7 9 24 Netherlands
86%
4 1 1 6 Poland
84%
0 2 1 3 Australia
83%
2 2 4 8 Slovenia
81%
1 0 0 1 Slovakia
80%
1 0 1 2 Ukraine
78%
5 0 1 6 Belarus
76%
2 4 2 8 Czech Republic
75%
0 2 2 4 Latvia
72%
0 1 0 1 Croatia
66%
0 0 1 1 Kazakhstan
53%
No matching quizzes found
Score Distribution
Percent of People with Each Score
Percentile by Number Answered
Your Score History
You have not taken this quiz